Magna carta, text and commentary /

Bibliographic Details
Uniform Title:Magna Carta.
Other Authors: Howard, A. E. Dick
Format: Book
Language:English
Published: Charlottesville : Published for the Magna Carta Commission of Virginia [by] the University Press of Virginia, [1964]
Series:Magna carta essays.
Subjects:

MARC

Tag First Indicator Second Indicator Subfields
LEADER 00000cam a2200000 4500
001 in00000057291
005 20151008051457.0
008 720918s1964 vau b 00000 eng u
010 |a  64066214  
035 |a (OCoLC)00408383 
035 |9 AAG8163AM 
040 |c MRC  |d TXA  |d UtOrBLW 
049 |a TXAM  |c [408732] 
050 0 |a KD40  |b .M35 
092 |a 342.4201  |b M196m 
130 0 |a Magna Carta. 
245 1 0 |a Magna carta, text and commentary /  |c [By] A. E. Dick Howard. 
264 1 |a Charlottesville :  |b Published for the Magna Carta Commission of Virginia [by] the University Press of Virginia,  |c [1964] 
300 |a vi, 55 pages :  |b illustrations, facsimiles, portrait ;  |c 22 cm. 
336 |a text  |b txt  |2 rdacontent 
337 |a unmediated  |b n  |2 rdamedia 
338 |a volume  |b nc  |2 rdacarrier 
490 1 |a Magna carta essays 
504 |a "Bibliographical note": pages [54]-55. 
650 0 |a Constitutional history  |z Great Britain. 
700 1 |a Howard, A. E. Dick. 
830 0 |a Magna carta essays. 
999 |a MARS 
999 f f |s 2a3f558f-f201-3545-b262-2d4e0ffa5c67  |i 8c335a39-8a22-3458-852e-95f7dca3304e  |t 0 
952 f f |p ric  |a Texas A&M University  |b Rellis Campus  |c Joint Library Facility  |d Remote Storage  |t 0  |e KD40 .M35  |h Library of Congress classification  |i unmediated -- volume  |m A14800786865 
998 f f |a KD40 .M35  |t 0  |l Remote Storage